Cinco puntos cardinales /
Збережено в:
| Автори: | , , , , |
|---|---|
| Формат: | Невідомо |
| Мова: | Spanish |
| Опубліковано: |
Cuba :
Casa de las Américas,
1989.
|
| Серія: | (Colección Premio Poesía)
|
| Предмети: | |
| Теги: |
Додати тег
Немає тегів, Будьте першим, хто поставить тег для цього запису!
|
MARC
| LEADER | 000000000a22000000004500 | ||
|---|---|---|---|
| 001 | 002635 | ||
| 041 | 0 | |a spa | |
| 082 | 0 | 4 | |a Cu861 |b V145c |
| 100 | 1 | |a Valdés, Zoe | |
| 100 | 1 | |a Mazzotti, José | |
| 100 | 1 | |a Llanos Nelussa, Eduardo | |
| 100 | 1 | |a Saravia, Juan Ramón | |
| 100 | 1 | |a Desiderato, Adrián | |
| 245 | 1 | 0 | |a Cinco puntos cardinales / |c Zoe Valdés, José Mazzotti, Eduardo Llanos Nelussa, Juan Ramón Saravia, Adrián Desiderato. |
| 260 | 1 | |a Cuba : |b Casa de las Américas, |c 1989. | |
| 300 | |a 127 páginas | ||
| 490 | 1 | |a (Colección Premio Poesía) | |
| 650 | 4 | |a LITERATURA CUBANA | |
| 650 | 4 | |a POESIA | |
| 999 | |c 9010 |d 9010 | ||
| 942 | |c BK |h Cu861 V145c |2 z | ||
